Leviatán: o la materia, forma y poder de una república, eclesiástica y civil

Na minha lista:
Detalhes bibliográficos
Autor principal: Hobbes, Thomas (Author)
Formato: Livro
Idioma:espanhol
Publicado em: Madrid SARPE 1983
Edição:1a. ed
Colecção:Los Grandes Pensadores, 24-25
Assuntos:
Tags: Adicionar Tag
Sem tags, seja o primeiro a adicionar uma tag!

MARC

LEADER 00000cam a2200000 a 4500
001 UCE2249
003 CL-VaPUC
008 140619e19830000sp |||||||||||||||||spa|d
020 |a 8472915832v.1 
020 |a 8449972841v.2 
082 0 4 |a 320.101  |b HOB  |2 21 
100 |a Hobbes, Thomas  |e author  |9 223165 
245 1 0 |a Leviatán: o la materia, forma y poder de una república, eclesiástica y civil 
250 |a 1a. ed 
300 |a v 
942 |c BK 
945 |d 20140619 13:53:00  |a dcastane 
260 |a Madrid  |b SARPE  |c 1983 
650 7 |a TEORIA POLITICA  |2 CL-VaPUC  |9 574720 
650 0 |a Estado  |9 255503 
650 7 |a FILOSOFIA POLITICA  |2 CL-VaPUC  |9 574721 
583 |a last modification  |c 20150825 09:22:44  |k Rodrigo Vera 
490 0 |a Los Grandes Pensadores, 24-25 
999 |c 355898  |d 355896 
952 |0 0  |1 0  |3 erd  |4 0  |6 320_101000000000000_HOB_1983  |7 0  |8 X  |9 462839  |a FDOBUD  |b FDOBUD  |h v.1  |i 5042569  |o 320.101 HOB 1983  |p 5042569  |r 2019-11-23  |w 2019-11-23  |y BK_X  |z Catalogado en:20140619  |k BUD 
952 |0 0  |1 0  |3 erd  |4 0  |6 320_101000000000000_HOB_1983  |7 0  |8 X  |9 462840  |a FDOBUD  |b FDOBUD  |h v.2  |i 5042577  |o 320.101 HOB 1983  |p 5042577  |r 2019-11-23  |w 2019-11-23  |y BK_X  |z Catalogado en:20140619  |k BUD